00532nam a2200181Ia 4500999001500000003000400015005001700019008004100036020001500077040000900092082001800101100003100119245005500150260005100205300000900256650004300265942004200308 c8594d8594OSt20201009124223.0190216s9999||||xx |||||||||||||| ||und|| a0074630598 coclc a004.04bCRU/I aCrumlish, Christian 95465 0aThe Internet For Busy People /cChristian Crumlish bTata Mcgrawhill Publishers,c1997.aNew Delhi: a275p a"Computer Programming. Programs, Data" cBK2ddch004.04iCRU/Ik004.04mCRU/I